|
|
|
|
| LEADER |
00000nam a2200000 a 4500 |
| 005 |
20111019145055.0 |
| 008 |
990301s1998 sp |||||| 001 ||spa|c |
| 017 |
|
|
|a DL M. 32600-2001
|
| 020 |
|
|
|a 8481554049
|
| 020 |
|
|
|a 8481557927
|
| 035 |
|
|
|a 5965
|
| 035 |
|
|
|a 5966
|
| 040 |
|
|
|d vLex
|
| 080 |
|
|
|a 342.7(091)
|
| 080 |
|
|
|a 342.7.01
|
| 090 |
|
|
|c 2675
|d 2675
|
| 245 |
0 |
0 |
|a Historia de los derechos fundamentales
|h [Recurso electrn̤ico] /
|c direccin̤: Gregorio Peces-Barba Martn̕ez, Eusebio Fernǹdez Garca̕
|
| 256 |
|
|
|a Servicio en ln̕ea.
|
| 260 |
|
|
|a Madrid :
|b Dykinson,
|c DL 1998-
|
| 300 |
|
|
|a 1 recurso electrn̤ico
|
| 504 |
|
|
|a Bibliografa̕. Índices
|
| 505 |
8 |
|
|a Contiene: 1. Trǹsito a la modernidad: siglos XVI y XVII / Francisco Javier Ansut̀egui Roig ... [et al.] 2. Siglo XVIII: 2.1 El Contexto social y cultural de los derechos. Los rasgos generales de evolucin̤. 2.2 La Filosofa̕ de los derechos humanos. 2.3 Siglo XIII : El derecho positivo de los derechos humanos. Derechos humanos y comunidad internacional : los org̕enes del sistema / Francisco Javier Ansut̀egui Roig ... [et al.]. 3. Siglo XIX. Vol. 1. Libro I: El context social, cultural y polt̕ico de los derechos. Los rasgos generales de evolucin̤. Siglo XIX. Vol. 1. Libro II: El context social, cultural y polt̕ico de los derechos. Los rasgos generales de evolucin̤. 3. Siglo XIX: 3.3 El derecho de los derechos humanso. Derechos humanos y comunidad internacional. 3. Siglo XIX. Vol. 2: La filosofa̕ de los derechos humanos. Libro I. 3. Siglo XIX. Vol. 2: La filosofa̕ de los derechos humanos. Libro II.
|
| 506 |
1 |
|
|a Contenido solo disponible en los productos indicados
|d vLex Global
|d vLex Global (Academic Edition, excluding Law Schools)
|d vLex Global (U.S. Academic Edition, Law Schools)
|d vLex Global (U.S. Academic Edition, excluding Law Schools)
|d vLex Global (Academic Edition, Law Schools)
|
| 506 |
1 |
|
|a Contenido solo disponible en los productos indicados
|d vLex Global
|d vLex Global (Academic Edition, excluding Law Schools)
|d vLex Global (U.S. Academic Edition, Law Schools)
|d vLex Global (U.S. Academic Edition, excluding Law Schools)
|d vLex Global (Academic Edition, Law Schools)
|
| 650 |
0 |
4 |
|a Derechos civiles
|x Historia
|
| 650 |
0 |
4 |
|a Derechos civiles
|z Espaą
|x Historia
|
| 651 |
|
4 |
|a Espaą.
|x Historia constitucional
|
| 700 |
1 |
|
|a Peces-Barba, Gregorio,
|d 1938-
|
| 700 |
1 |
|
|a Fernǹdez Garca̕, Eusebio,
|d 1952-
|
| 700 |
1 |
|
|a Ansut̀egui Roig, Francisco Javier
|
| 710 |
2 |
|
|a Instituto de derechos humanos "Bartolom ̌de las Casas"
|
| 740 |
0 |
|
|a vLex Libros (Servicio en ln̕ea)
|
| 856 |
4 |
0 |
|u http://vlex.com/source/historia-derechos-fundamentales-tomo-ii-siglo-xviii-5965
|z Acceso restringido
|
| 856 |
4 |
0 |
|u http://vlex.com/source/historia-derechos-fundamentales-tomo-ii-siglo-xviii-volumen-ii-5966
|z Acceso restringido
|
| 942 |
|
|
|c BOOK
|